• 首页
  • 本馆介绍
  • 公告通知
  • 最新文献
  • 馆藏检索
  • 电子资源
  • 读者导购
  • 参考咨询
  • 我的图书馆
  • 登录
  • 详细信息显示
  • 放入我的书架
  • 预约/预借图书
  • 作者相关作品
  • 分类相关作品
  • 丛书相关作品
  • 出版社相关作品

书目信息

  • 表格格式
  • 工作单格式
  • 卡片格式
题名:
马克思哲学思想研究
    
 
作者: 邢贲思 主编
分册:  
出版信息: 上海   上海人民出版社  1983
页数: 398页
开本: 21cm
丛书名:
单 册:
中图分类: A811.61
科图分类:
主题词: 马恩著作--学习 , 马恩著作研究
电子资源:
ISBN:
000 00668nam0 2200253 45
001 0183005670
005 20031206102629.2
010    @dCNY1.30
091    @a2074.415
100    @a19950628d1983 kmey0chiy0121 ea
101 0  @achi
102    @aCN@b310000
105    @ay z 000yy
106    @ar
200 10 @a马克思哲学思想研究@Ama ke si zhe xue si xiang yan jiu@f邢贲思主编
210    @a上海@c上海人民出版社@d1983
215    @a398页@d21cm
606 0  @a马恩著作@x学习
606 0  @a马恩著作研究
690    @aA811.61
701  0 @a邢贲思@Axing bin si@4主编
801  0 @aCN@b上海图书馆@c20031206
801  2 @aCN@bNLC@c20031206
905    @f1@b102090@dA811.61@e47
    
    马克思哲学思想研究/邢贲思主编.-上海:上海人民出版社,1983
    398页;21cm
    
    
    ISBN :CNY1.30
    
●
相关链接 在E读中查询图书 在五车中查询图书 在当当中查询图书 在豆瓣中查询图书


正题名:马克思哲学思想研究     索取号:A811.61/47         预约/预借

序号 登录号 条形码 馆藏地/架位号 状态 备注
1 0102089   000956353   第一借阅区/ [索取号:A811.61/47] 在馆    
2 0102090   001589150   密集书库/ [索取号:A811.61/47] 在馆    
唐山师范学院图书馆 欢迎您!
大连网信软件有限公司© 版权所有